00462cam a2200169ua 45000010005000000080039000050400009000440820008000531000038000612450068000992500009001672600034001763000017002106530014002276530019002417000032002601610110713n ii |||gr||||Z||||||eng cMAIN a3361 aChoudhury, Rabindra Kr.,eAuthor.1 aRasaha bigyan aru rasahuwa arthaniticby Rabindra Kr. Choudhury a1st. aGuahati:bArun Prakashan,994. a328p:c23cm. aEconomics aPublic finance aDeka, Bhawananda,eAuthor .